[Event "Faxe Dags EMT 2015"]
[Site "Faxe"]
[Date "2015.04.15"]
[Round "2"]
[White "Jakobsen, Henning"]
[Black "Nielsen, Kurt Sogaard"]
[Result "0-1"]
[WhiteElo "1393"]
[BlackElo "1619"]
[PlyCount "90"]
[EventDate "2015.??.??"]

1. d4 Nf6 2. c4 d5 3. Nc3 g6 4. Bf4 c6 5. Nf3 Bg7 6. e3 O-O 7. Be2 Nbd7 8. cxd5
cxd5 9. O-O a6 10. Qc2 b5 11. a3 Bb7 12. Rac1 Rc8 13. Qb1 Re8 14. Rfd1 Nh5 15.
Bg5 Nhf6 16. Ne5 e6 17. Na2 Qb6 18. Bf4 Nxe5 19. Bxe5 Ne4 20. f3 Nd6 21. Bxd6
Qxd6 22. f4 f6 23. Rxc8 Rxc8 24. Rc1 e5 25. Bg4 Rxc1+ 26. Qxc1 exf4 27. Qc5 Bf8
28. Qxd6 Bxd6 29. Nb4 f5 30. Bf3 Bxb4 31. axb4 fxe3 32. g4 Kf7 33. g5 Kg7 34.
h4 Kf7 35. Kf1 Ke7 36. Ke2 f4 37. Kd3 Kd6 38. Bg4 Bc6 39. Bf3 Bd7 40. Ke2 Bf5
41. Bg2 Bg4+ 42. Bf3 Bxf3+ 43. Kxf3 Kc6 44. Ke2 Kb6 45. Kf3 a5 0-1

[Event "Faxe Dags EMT 2015"]
[Site "Faxe"]
[Date "2015.04.15"]
[Round "2"]
[White "Alic, Ohran"]
[Black "Nielsen, Henning Sogaard"]
[Result "1/2-1/2"]
[WhiteElo "1582"]
[BlackElo "1172"]
[PlyCount "130"]
[EventDate "2015.??.??"]

1. d4 Nf6 2. Nf3 e6 3. g3 b6 4. Bg2 Bb7 5. O-O Bd6 6. Bg5 O-O 7. Nc3 Be7 8. Re1
d5 9. Ne5 Nfd7 10. Bf4 f6 11. Nxd7 Qxd7 12. e4 c6 13. Bh3 f5 14. exf5 exf5 15.
Qe2 Rf7 16. Nd1 Na6 17. c3 Re8 18. Qe6 Qxe6 19. Rxe6 Rff8 20. Re1 c5 21. Ne3 g6
22. Bg2 Rd8 23. Nxf5 Rxf5 24. Rxe7 Bc8 25. Bh3 Rf7 26. Rxf7 Kxf7 27. Bf1 c4 28.
b4 b5 29. a4 Bd7 30. axb5 Bxb5 31. Re1 Nb8 32. Bxb8 Rxb8 33. Bg2 Bc6 34. Re5
Rb5 35. Kf1 a5 36. bxa5 Rxa5 37. Ke2 Kf6 38. h4 h6 39. Bh3 Ba8 40. Re6+ Kf7 41.
Kf3 Ra3 42. Re3 Kf6 43. g4 g5 44. Kg3 Bb7 45. Bg2 Ba8 46. f4 Ra2 47. hxg5+ hxg5
48. fxg5+ Kg6 49. Bf3 Ra3 50. Kf4 Bb7 51. Re6+ Kf7 52. Re5 Rxc3 53. Bxd5+ Bxd5
54. Rxd5 Rc1 55. Rc5 c3 56. Ke3 c2 57. Kd2 Rd1+ 58. Kxc2 Rxd4 59. Kc3 Rxg4 60.
Kd3 Kg6 61. Ke3 Rxg5 62. Rc6+ Kh5 63. Kf4 Rg4+ 64. Kf3 Rg6 65. Rc8 Kg5 1/2-1/2

[Event "Faxe Dags EMT 2015"]
[Site "Faxe"]
[Date "2015.04.15"]
[Round "2"]
[White "Christoffersen, Ib"]
[Black "Eckert, Svend"]
[Result "0-1"]
[WhiteElo "1363"]
[BlackElo "1506"]
[PlyCount "72"]
[EventDate "2015.??.??"]

1. d4 Nf6 2. Nf3 d6 3. c3 Nbd7 4. Nbd2 e5 5. e4 exd4 6. cxd4 Be7 7. Bd3 O-O 8.
h3 b6 9. Qc2 h6 10. Nf1 Bb7 11. Be3 Rc8 12. Ng3 c5 13. d5 Re8 14. b3 Bf8 15.
O-O a6 16. Qd2 b5 17. Nf5 Nxe4 18. Bxe4 Rxe4 19. Rae1 Ne5 20. Nxe5 Rxe5 21. Ng3
Rxd5 22. Qe2 Qf6 23. Qg4 Qe6 24. Qf3 Bc6 25. Bc1 Re5 26. Qd1 Re8 27. Be3 d5 28.
Re2 d4 29. Bf4 Rxe2 30. Qd3 Re1 31. Bd2 Rxf1+ 32. Nxf1 Qd5 33. Qg3 Re6 34. Nh2
Rg6 35. Ng4 Bd6 36. Bf4 Bxf4 0-1

[Event "Faxe Dags EMT 2015"]
[Site "Faxe"]
[Date "2015.04.28"]
[Round "2"]
[White "Andersen, Hans E"]
[Black "Meldal, Peter"]
[Result "1-0"]
[WhiteElo "1500"]
[BlackElo "1078"]
[PlyCount "89"]
[EventDate "2015.??.??"]

1. e4 e5 2. Nf3 d6 3. h3 Nf6 4. Nc3 Be7 5. Bc4 O-O 6. d3 c6 7. a4 Nbd7 8. Be3
Nb6 9. Bb3 Qc7 10. O-O d5 11. exd5 cxd5 12. Bxb6 Qxb6 13. Nxe5 Be6 14. d4 Rac8
15. Ne2 Bd6 16. Nf3 Qc7 17. c3 Bf5 18. Bc2 Ne4 19. Bb3 Be6 20. Qd3 f5 21. Qb5
Qf7 22. Ne5 Bxe5 23. dxe5 Nd2 24. Rfd1 Nxb3 25. Qxb3 d4 26. Qb4 dxc3 27. Nxc3
Rc4 28. Qb5 Qc7 29. Nd5 Bxd5 30. Qxd5+ Kh8 31. Rd2 Rc6 32. Qd6 Re8 33. Re1 h6
34. Qxc7 Rxc7 35. Rd4 Kg8 36. f4 Kf7 37. Red1 Rce7 38. Rd6 g6 39. Rd7 g5 40. g3
Kg6 41. Kf2 Kh5 42. R7d6 Rc8 43. Kf3 Rc2 44. g4+ Kh4 45. Rxh6# 1-0

[Event "Faxe Dags EMT 2015"]
[Site "Faxe"]
[Date "2015.04.15"]
[Round "2"]
[White "Andersen, Hans Poul"]
[Black "Adrian, Michael"]
[Result "1-0"]
[WhiteElo "1330"]
[BlackElo "1458"]
[PlyCount "85"]
[EventDate "2015.??.??"]

1. e4 e5 2. Bc4 Bc5 3. Nf3 Nf6 4. h3 Nxe4 5. O-O d6 6. d3 Nf6 7. a3 a6 8. b4
Ba7 9. Bb2 Nc6 10. Nbd2 Bd7 11. Qe1 Qe7 12. Bb3 Nh5 13. Kh1 Nf4 14. Ne4 h6 15.
Bc1 O-O-O 16. Bxf4 exf4 17. Qd2 g5 18. Rae1 f5 19. Nc5 Qf6 20. Nxd7 Rxd7 21.
Be6 Ne5 22. Bxd7+ Kxd7 23. Qc3 g4 24. Nxe5+ dxe5 25. Qxe5 Qxe5 26. Rxe5 Rf8 27.
c4 gxh3 28. gxh3 Bd4 29. Rd5+ Ke6 30. Rxd4 Kf6 31. Re1 Kg5 32. Re7 Kh4 33. Kh2
Kg5 34. Rxc7 Rg8 35. Rdd7 Kh4 36. Rxb7 f3 37. Rg7 Re8 38. Rg3 Re2 39. Rxf3 Ra2
40. Rb6 Rxa3 41. Rxf5 h5 42. Rh6 Rxd3 43. Rhxh5# 1-0

[Event "Faxe Dags EMT 2015"]
[Site "Faxe"]
[Date "2015.04.15"]
[Round "2"]
[White "Eriksen, Knud Ejler"]
[Black "Nielsen, Ib"]
[Result "0-1"]
[WhiteElo "1184"]
[BlackElo "1395"]
[PlyCount "54"]
[EventDate "2015.??.??"]

1. e4 e5 2. Nf3 d6 3. Bc4 Nc6 4. Nc3 Bg4 5. O-O Nf6 6. d3 Nd4 7. Kh1 c6 8. Be3
b5 9. Bb3 Nxf3 10. gxf3 Bh5 11. Rg1 b4 12. Nb1 Qd7 13. Ba4 Be7 14. Nd2 Bg6 15.
Nc4 O-O 16. Qd2 Bh5 17. Rg3 Bg6 18. Qe1 Nh5 19. Rg2 f5 20. Bb3 Kh8 21. Bd2 c5
22. Ne3 Nf4 23. Rg3 Bh4 24. Rg1 Bh5 25. Qd1 fxe4 26. dxe4 Nh3 27. Qe2 Bxf3+ 0-1

[Event "Faxe Dags EMT 2015"]
[Site "Faxe"]
[Date "2015.04.22"]
[Round "3"]
[White "Pedersen, Hans Dahl"]
[Black "Andersen, Bjarne Hjorth"]
[Result "1-0"]
[WhiteElo "2117"]
[BlackElo "1971"]
[PlyCount "119"]
[EventDate "2015.??.??"]

1. c4 Nf6 2. g3 g6 3. Bg2 Bg7 4. Nc3 c5 5. Nf3 Nc6 6. d4 cxd4 7. Nxd4 O-O 8.
O-O Nxd4 9. Qxd4 d6 10. Qd3 a6 11. Be3 Bf5 12. Qd2 Qd7 13. Rfd1 Bh3 14. Bh1
Rfd8 15. Rac1 Rac8 16. Bb6 Re8 17. b3 Qe6 18. Bd4 Qd7 19. Bxf6 Bxf6 20. Nd5
Rcd8 21. Nxf6+ exf6 22. Qb2 Qe7 23. Rd2 f5 24. Qd4 g5 25. e3 h5 26. Qd5 b6 27.
Rd4 a5 28. Bg2 Bxg2 29. Kxg2 Qe5 30. Rcd1 Qf6 31. Qc6 Re6 32. Qxb6 d5 33. Qxa5
Ra6 34. Qd2 Rda8 35. Rxd5 Rxa2 36. Qd3 f4 37. exf4 gxf4 38. Rd8+ Kg7 39. Rxa8
Rxa8 40. Qd4 f3+ 41. Kh3 Qxd4 42. Rxd4 Ra2 43. Rf4 Rxf2 44. g4 hxg4+ 45. Kxg4
Rxh2 46. Rxf3 Rc2 47. Kf5 Rc1 48. Ke5 f6+ 49. Kd6 Kg6 50. c5 Kg5 51. c6 f5 52.
c7 Kg4 53. Rd3 f4 54. Rd4 Kg3 55. Rc4 Rxc4 56. bxc4 f3 57. c8=Q f2 58. Qg8+ Kh2
59. Qf7 Kg1 60. c5 1-0

[Event "Faxe Dags EMT 2015"]
[Site "Faxe"]
[Date "2015.04.22"]
[Round "3"]
[White "Lindskov, Villy"]
[Black "Nielsen, Jan Mose"]
[Result "0-1"]
[WhiteElo "1839"]
[BlackElo "2065"]
[PlyCount "94"]
[EventDate "2015.??.??"]

1. e4 c5 2. Nf3 d6 3. d4 cxd4 4. Nxd4 Nf6 5. Nc3 g6 6. Be2 a6 7. Be3 Nbd7 8.
Qd2 b5 9. a3 Bb7 10. f3 Rc8 11. O-O Bg7 12. Kh1 h5 13. h4 Ne5 14. Bd3 Nh7 15.
Nce2 Nxd3 16. cxd3 e5 17. Nb3 Qxh4+ 18. Kg1 Qe7 19. Rac1 O-O 20. d4 d5 21. exd5
Bxd5 22. Na5 Rcd8 23. Qe1 Rfe8 24. Bf2 exd4 25. Nxd4 Qf6 26. Qb4 Ng5 27. Rfe1
Rxe1+ 28. Rxe1 Qf4 29. Nac6 Bxc6 30. Nxc6 Qxb4 31. Nxb4 Bxb2 32. Nxa6 Bxa3 33.
Rb1 Kg7 34. Be3 Rd6 35. Bxg5 Rxa6 36. Rxb5 Bd6 37. Rb1 Be5 38. Be3 Ra3 39. Bf2
Kf6 40. Re1 Kf5 41. Re3 Ra2 42. Kf1 Rxf2+ 43. Kxf2 Bd4 44. Ke2 Bxe3 45. Kxe3 h4
46. Ke2 Kf4 47. Kf2 f6 0-1

[Event "Faxe Dags EMT 2015"]
[Site "Faxe"]
[Date "2015.04.23"]
[Round "3"]
[White "Arnkilde, Anders"]
[Black "Krogh, Peter Ove"]
[Result "1-0"]
[WhiteElo "1996"]
[BlackElo "1802"]
[PlyCount "63"]
[EventDate "2015.??.??"]

1. e4 c5 2. Nf3 a6 3. d4 cxd4 4. Nxd4 Nf6 5. Bd3 Nc6 6. Nxc6 dxc6 7. O-O e5 8.
Bg5 Be7 9. Nd2 Be6 10. Qe2 h6 11. Bh4 Qc7 12. a4 Rb8 13. Bc4 Bxc4 14. Nxc4 O-O
15. Bg3 Nd7 16. a5 Rbe8 17. Rfd1 f6 18. Qg4 Nb8 19. Ne3 Kh7 20. h4 Qc8 21. Qf3
Qe6 22. h5 Rd8 23. Nf5 Rxd1+ 24. Rxd1 Rd8 25. Rxd8 Bxd8 26. Qg4 Qd7 27. Qg6+
Kh8 28. f4 exf4 29. Bxf4 Bc7 30. Bxc7 Qxc7 31. Qe8+ Kh7 32. Ne7 1-0

[Event "Faxe Dags EMT 2015"]
[Site "Faxe"]
[Date "2015.04.22"]
[Round "3"]
[White "Petersen, Bent"]
[Black "Stuhr, Peter Sebastian"]
[Result "1-0"]
[WhiteElo "1784"]
[BlackElo "1884"]
[PlyCount "67"]
[EventDate "2015.??.??"]

1. d4 d6 2. c4 e5 3. Nc3 Nf6 4. Nf3 Nbd7 5. e4 c6 6. Be2 Be7 7. O-O Qc7 8. h3
h6 9. Be3 g5 10. Rc1 Nf8 11. Nh2 Ng6 12. d5 Nf4 13. Ng4 Nxe2+ 14. Qxe2 Nxg4 15.
hxg4 Qd7 16. f3 f6 17. Kf2 Bf8 18. b4 Qf7 19. Rh1 h5 20. gxh5 Rxh5 21. g4 Rh7
22. Kg2 a5 23. b5 Bd7 24. Qb2 c5 25. Na4 Ra7 26. Rxh7 Qxh7 27. Rh1 Qg6 28. Kg3
Bg7 29. Qh2 Kf8 30. Nxc5 b6 31. Nxd7+ Rxd7 32. Bxb6 Qe8 33. Bxa5 Qc8 34. Qh8+
1-0

[Event "Faxe Dags EMT 2015"]
[Site "Faxe"]
[Date "2015.04.22"]
[Round "3"]
[White "Mathiasen, Gunnar"]
[Black "Hansen, Aage"]
[Result "1-0"]
[WhiteElo "1340"]
[BlackElo "1686"]
[PlyCount "43"]
[EventDate "2015.??.??"]

1. e4 e6 2. Nc3 d5 3. d4 Bb4 4. exd5 Bxc3+ 5. bxc3 exd5 6. Nf3 Nf6 7. Ne5 O-O
8. Bd3 Re8 9. O-O c5 10. Re1 c4 11. Be2 Nbd7 12. Ng4 Ne4 13. Bb2 h5 14. Ne3 Qf6
15. Bf3 Qb6 16. Rb1 g6 17. Nxd5 Qd6 18. Rxe4 Rxe4 19. Bxe4 f5 20. Bf3 g5 21.
Ne3 Qe6 22. Bd5 1-0

[Event "Faxe Dags EMT 2015"]
[Site "Faxe"]
[Date "2015.04.22"]
[Round "3"]
[White "Eckert, Svend"]
[Black "Stuhr, Finn"]
[Result "0-1"]
[WhiteElo "1506"]
[BlackElo "1765"]
[PlyCount "80"]
[EventDate "2015.??.??"]

1. c4 b6 2. d4 Bb7 3. Nc3 e6 4. e4 Bb4 5. Bd3 Nf6 6. Qc2 Nc6 7. Nge2 e5 8. a3
Bxc3+ 9. bxc3 d6 10. d5 Ne7 11. f4 Nd7 12. f5 f6 13. Be3 Nc5 14. Bxc5 dxc5 15.
O-O Qd6 16. Ng3 O-O-O 17. Nh5 Rhg8 18. Rf3 Rdf8 19. Raf1 c6 20. Rg3 g6 21. fxg6
hxg6 22. Qe2 gxh5 23. Rxg8 Rxg8 24. Qxh5 Rg5 25. Qh8+ Ng8 26. Be2 Qf8 27. Qh3+
Kd8 28. dxc6 Bxc6 29. Rd1+ Kc7 30. Bg4 Qg7 31. Bf3 Qf7 32. Bg4 Ne7 33. Bd7 Bxe4
34. Be6 Qg7 35. Rd7+ Kb8 36. g3 f5 37. Bd5 Bxd5 38. cxd5 Qf6 39. Qf1 Nxd5 40.
Qa6 Nc7 0-1

[Event "Faxe Dags EMT 2015"]
[Site "Faxe"]
[Date "2015.04.22"]
[Round "3"]
[White "Refsgaard, Kaj"]
[Black "Christoffersen, Per"]
[Result "0-1"]
[WhiteElo "1754"]
[BlackElo "1609"]
[PlyCount "80"]
[EventDate "2015.??.??"]

1. d4 e6 2. Nf3 d5 3. Bf4 Bd6 4. Bg3 Nf6 5. e3 Ne4 6. Bd3 c6 7. Nbd2 Nxg3 8.
hxg3 h6 9. Ng5 Qxg5 10. Rh5 Qf6 11. Qe2 Nd7 12. O-O-O c5 13. c3 c4 14. Bc2 b5
15. e4 Qe7 16. exd5 Nf6 17. Rh4 Nxd5 18. Qf3 Bb7 19. Be4 O-O 20. Re1 Rab8 21.
Bb1 Nf6 22. Qd1 Bxg2 23. Rh2 Qb7 24. f3 Bxg3 25. Rxg2 Bxe1 26. Qxe1 Qd5 27. Qg1
Ne8 28. Rh2 Kh8 29. Qg3 Rb6 30. f4 b4 31. Be4 Qb5 32. a4 Qxa4 33. Qg5 f5 34.
Nxc4 bxc3 35. Rxh6+ gxh6 36. Qxh6+ Kg8 37. Nxb6 Qa1+ 38. Kc2 Qxb2+ 39. Kd3
fxe4+ 40. Kxe4 Qe2# 0-1

[Event "Faxe Dags EMT 2015"]
[Site "Faxe"]
[Date "2015.04.22"]
[Round "3"]
[White "Nielsen, Flemming"]
[Black "Larsen, Paul M"]
[Result "1/2-1/2"]
[WhiteElo "1650"]
[BlackElo "1165"]
[PlyCount "132"]
[EventDate "2015.??.??"]

1. e4 c6 2. d4 d5 3. e5 g6 4. Nf3 f6 5. h3 Bg7 6. Nc3 Nh6 7. Bd3 Nf7 8. Qe2 O-O
9. e6 Nd6 10. Bf4 a5 11. O-O-O Na6 12. a3 b5 13. Qe3 b4 14. Ne2 a4 15. Bxa6
Rxa6 16. axb4 Nc4 17. Qd3 Bxe6 18. Nc3 Bf5 19. Qe2 Ra7 20. Na2 Qb6 21. g4 Be4
22. c3 Nxb2 23. Kxb2 a3+ 24. Ka1 Rc8 25. Be3 Rac7 26. Rhe1 Qb5 27. Qxb5 cxb5
28. Nd2 f5 29. gxf5 Bxf5 30. h4 Bc2 31. Rc1 Bf5 32. Nb3 e5 33. dxe5 Bxe5 34.
Nc5 Kf7 35. f4 Bf6 36. Rcd1 Be4 37. Nxe4 dxe4 38. Bd4 Bxh4 39. Rh1 g5 40. fxg5
Bxg5 41. Rxh7+ Ke6 42. Rxc7 Rxc7 43. Re1 Kd5 44. Rd1 Kc4 45. Bb6 Rh7 46. Kb1
Rh2 47. Bd4 Rb2+ 48. Ka1 e3 49. Be5 Rd2 50. Rg1 e2 51. Rb1 Rd1 52. Bg3 Bd2 53.
Bh4 Kd3 54. Bf2 e1=Q 55. Bxe1 Rxe1 56. Rxe1 Bxe1 57. Kb1 Bxc3 58. Nc1+ Kc4 59.
Na2 Bxb4 60. Kc2 Bc5 61. Nc1 b4 62. Nb3 Bb6 63. Nd2+ Kb5 64. Kb3 Bd4 65. Nb1
Bb2 66. Nd2 Bf6 1/2-1/2

[Event "Faxe Dags EMT 2015"]
[Site "Faxe"]
[Date "2015.04.22"]
[Round "3"]
[White "Nielsen, Ib"]
[Black "Sorensen, Lindved"]
[Result "0-1"]
[WhiteElo "1395"]
[BlackElo "1623"]
[PlyCount "74"]
[EventDate "2015.??.??"]

1. e4 d5 2. exd5 Nf6 3. Nf3 Nxd5 4. d3 Bg4 5. Be2 e6 6. O-O Bd6 7. h3 Bh5 8.
Nh2 Bg6 9. Bf3 O-O 10. c4 Nb4 11. Bxb7 N8a6 12. Bxa8 Qxa8 13. d4 Nc2 14. c5
Bxh2+ 15. Kxh2 Nxa1 16. Na3 Nb4 17. Bd2 Nac2 18. Bxb4 Nxb4 19. Re1 Nd5 20. Nc4
Rd8 21. Ne5 Nf4 22. Nf3 Nd3 23. Re2 Nxc5 24. Ne5 Be4 25. f3 Bb7 26. Qc1 Na6 27.
Qf4 f6 28. Ng4 Bd5 29. h4 c5 30. h5 Qb8 31. Qxb8 Rxb8 32. b3 cxd4 33. Rd2 e5
34. h6 Be6 35. Nf2 Nc5 36. hxg7 Kxg7 37. f4 Rd8 0-1

[Event "Faxe Dags EMT 2015"]
[Site "Faxe"]
[Date "2015.04.22"]
[Round "3"]
[White "Nielsen, Kurt Sogaard"]
[Black "Andersen, Hans Poul"]
[Result "1-0"]
[WhiteElo "1619"]
[BlackElo "1330"]
[PlyCount "95"]
[EventDate "2015.??.??"]

1. d4 e6 2. Nf3 Be7 3. c4 d5 4. e3 Bd7 5. Bd3 dxc4 6. Bxc4 Bb4+ 7. Nc3 Bxc3+ 8.
bxc3 a6 9. a4 Nc6 10. O-O Nf6 11. Ba3 h6 12. Qc2 b5 13. axb5 axb5 14. Bxb5 Na7
15. Bd3 Qc8 16. Bc5 Nc6 17. c4 Rxa1 18. Rxa1 Qb7 19. Rb1 Qa8 20. e4 Bc8 21. d5
Nd7 22. Be3 Nce5 23. Nxe5 Nxe5 24. Be2 O-O 25. f4 Nd7 26. dxe6 fxe6 27. c5 Nf6
28. e5 Nd5 29. Qe4 c6 30. Bd3 Rf5 31. Bd2 Qa7 32. Qd4 Rf8 33. Kh1 Bd7 34. Qe4
Qxc5 35. Qh7+ Kf7 36. Qg6+ Ke7 37. Qxg7+ Kd8 38. Qxh6 Kc7 39. Be4 Ra8 40. Qh4
Qd4 41. Qe1 Qa4 42. Bxd5 cxd5 43. h3 Bc6 44. Bb4 Qc2 45. Rc1 Qa2 46. Bd6+ Kd7
47. Qg3 Re8 48. Qg7+ 1-0

[Event "Faxe Dags EMT 2015"]
[Site "Faxe"]
[Date "2015.04.22"]
[Round "3"]
[White "Wehlast, Svend Erik"]
[Black "Alic, Ohran"]
[Result "1-0"]
[WhiteElo "1388"]
[BlackElo "1582"]
[PlyCount "65"]
[EventDate "2015.??.??"]

1. d4 d5 2. Nf3 Nf6 3. e3 g6 4. c4 c6 5. Nc3 Bg7 6. c5 O-O 7. b4 b5 8. Bb2 a5
9. a3 a4 10. Bd3 Re8 11. O-O Bg4 12. h3 Bc8 13. Ne2 Ne4 14. Ra2 Nd7 15. Ne5
Nxe5 16. dxe5 f6 17. exf6 Bxf6 18. Bxe4 dxe4 19. Bxf6 exf6 20. Rd2 Qe7 21. Rd6
Ra6 22. Nd4 Rd8 23. Nxc6 Qxd6 24. cxd6 Rxc6 25. Qd5+ Kg7 26. Qxc6 Be6 27. Rd1
Rd7 28. Qxb5 Kf7 29. Qxa4 f5 30. Qa6 Bb3 31. Rc1 Be6 32. Rc7 Rxc7 33. dxc7 1-0

[Event "Faxe Dags EMT 2015"]
[Site "Faxe"]
[Date "2015.04.22"]
[Round "3"]
[White "Zachariassen, John"]
[Black "Andersen, Hans E"]
[Result "1-0"]
[WhiteElo "1954"]
[BlackElo "1500"]
[PlyCount "77"]
[EventDate "2015.??.??"]

1. d4 d5 2. Bf4 Bf5 3. e3 e6 4. h4 h6 5. Nf3 a6 6. Bd3 Bg4 7. Nbd2 Bd6 8. c3
Nc6 9. Qb3 b5 10. Ne5 Nxe5 11. dxe5 Be7 12. Bg3 Bh5 13. Qc2 g5 14. f4 c6 15. f5
Bc5 16. Nf1 exf5 17. Bxf5 Ne7 18. Bd3 Bg6 19. hxg5 h5 20. e6 Rg8 21. exf7+ Bxf7
22. Bf4 Qd7 23. O-O-O Ng6 24. Bf5 Qe7 25. Qd2 Be6 26. Bxg6+ Rxg6 27. Rxh5 O-O-O
28. Re1 Bf5 29. Ng3 Bd7 30. Reh1 Re8 31. Rh8 Re6 32. Nf5 Qf7 33. g4 Rxh8 34.
Rxh8+ Kb7 35. Qd3 Ka7 36. b4 Bf8 37. Qd4+ Kb7 38. Rh4 Rg6 39. Qe5 1-0

[Event "Faxe Dags EMT 2015"]
[Site "Faxe"]
[Date "2015.04.22"]
[Round "3"]
[White "Nielsen, Henning Sogaard"]
[Black "Hansen, Borge"]
[Result "0-1"]
[WhiteElo "1172"]
[BlackElo "1430"]
[PlyCount "108"]
[EventDate "2015.??.??"]

1. d4 d5 2. c4 Nf6 3. Nc3 e6 4. a3 a6 5. Nf3 Be7 6. e3 O-O 7. Be2 Nbd7 8. O-O
dxc4 9. Bxc4 Nb6 10. Bb3 Nbd5 11. Qc2 Bd7 12. e4 Nxc3 13. bxc3 Bc6 14. Nd2 Rc8
15. Ba4 b5 16. Bb3 Bb7 17. h3 c5 18. c4 cxd4 19. Qd3 bxc4 20. Bxc4 Ra8 21. e5
Nd5 22. Qxd4 Qc7 23. Re1 Rfd8 24. Ba2 Nb4 25. Qc4 Qxc4 26. Nxc4 Nc2 27. Nb6
Rab8 28. Be3 Nxe1 29. Rxe1 Bxa3 30. Nc4 Bd5 31. Nxa3 Bxa2 32. Ra1 Bd5 33. Nc2
Bc4 34. Nd4 Bb5 35. Nb3 h6 36. Ba7 Rb7 37. Be3 Rbd7 38. Kh2 Rd5 39. Bb6 Rc8 40.
Re1 Kh7 41. Re4 Rc4 42. Nd4 Ra4 43. Bc7 Raxd4 44. Rxd4 Rxd4 45. g3 Kg6 46. h4
Rd2 47. Kg1 Ra2 48. Bb6 a5 49. Bd4 a4 50. Kh2 Rc2 51. Kh3 a3 52. Kg4 a2 53. h5+
Kh7 54. f3 Rc4 0-1

[Event "Faxe Dags EMT 2015"]
[Site "Faxe"]
[Date "2015.04.22"]
[Round "3"]
[White "Meldal, Peter"]
[Black "Jakobsen, Henning"]
[Result "1-0"]
[WhiteElo "1078"]
[BlackElo "1393"]
[PlyCount "153"]
[EventDate "2015.??.??"]

1. f4 d6 2. Nf3 g6 3. Nc3 Bg7 4. e3 Bg4 5. h3 Bxf3 6. Qxf3 c6 7. Bc4 d5 8. Bd3
Nd7 9. O-O Ngf6 10. Be2 O-O 11. d3 e5 12. fxe5 Nxe5 13. Qf4 Ned7 14. e4 dxe4
15. Nxe4 Nd5 16. Qg4 Bd4+ 17. Kh1 N7f6 18. Nxf6+ Nxf6 19. Qf3 Qd5 20. c3 Qxf3
21. Rxf3 Bxc3 22. bxc3 Nd5 23. d4 Rae8 24. Bc4 Kg7 25. Ba3 Rh8 26. Raf1 f5 27.
Bd6 Kh6 28. Bxd5 cxd5 29. Be5 Rhg8 30. Rb1 b6 31. Re3 Kh5 32. Rbe1 Rc8 33. Bf4
Rgd8 34. Re7 g5 35. Bd2 h6 36. Rxa7 Ra8 37. Ree7 f4 38. Kh2 Kh4 39. Rxa8 Rxa8
40. Re6 Kh5 41. a4 Rxa4 42. Re2 b5 43. g3 f3 44. g4+ Kg6 45. Rf2 Ra2 46. Kg3 h5
47. Kxf3 h4 48. Ke3 Ra3 49. Ke2 Rb3 50. Rf5 b4 51. Rxg5+ Kf6 52. Rf5+ Ke6 53.
cxb4 Rxh3 54. Re5+ Kd6 55. Re3 Rh2+ 56. Ke1 Rg2 57. Rh3 Rxg4 58. Be3 Re4 59.
Kf2 Kc6 60. Rh1 Kb5 61. Rb1 h3 62. Kf3 h2 63. Rh1 Kxb4 64. Rxh2 Kc4 65. Rc2+
Kd3 66. Rd2+ Kc3 67. Ke2 Rg4 68. Rd3+ Kc4 69. Rd1 Rg2+ 70. Kf3 Rc2 71. Kf4 Rc3
72. Ra1 Kb5 73. Ra8 Kc4 74. Rc8+ Kd3 75. Rxc3+ Kxc3 76. Ke5 Kc4 77. Bg1 1-0

[Event "Faxe Dags EMT 2015"]
[Site "Faxe"]
[Date "2015.04.22"]
[Round "3"]
[White "Adrian, Michael"]
[Black "Eriksen, Knud Ejler"]
[Result "0-1"]
[WhiteElo "1458"]
[BlackElo "1184"]
[PlyCount "91"]
[EventDate "2015.??.??"]

1. d4 Nf6 2. e3 d5 3. Bd3 Nc6 4. f4 Bg4 5. Nf3 e6 6. Nbd2 Be7 7. O-O O-O 8. h3
Bxf3 9. Nxf3 a6 10. c3 h6 11. Ne5 Qe8 12. Bd2 Nd8 13. Qf3 c5 14. g4 c4 15. Bc2
Nh7 16. e4 f6 17. exd5 fxe5 18. Qe4 Nf6 19. Qxe5 exd5 20. Rae1 Nc6 21. Qc7 Rb8
22. Re2 Qd8 23. Qxd8 Rbxd8 24. Rfe1 Bd6 25. Bg6 Rd7 26. Re6 Ne7 27. Bc2 Nh7 28.
Kg2 b5 29. Rxd6 Rxd6 30. Rxe7 Nf6 31. Bg6 Rfd8 32. Kf3 Kf8 33. Re1 Ng8 34. Bc1
Rxg6 35. f5 Rgd6 36. b3 Kf7 37. Bf4 R6d7 38. b4 Nf6 39. Be5 Ne4 40. Re3 Rf8 41.
Bf4 Re7 42. Ke2 g6 43. Bxh6 Rh8 44. fxg6+ Kxg6 45. g5 Rhe8 46. Rf3 0-1

[Event "Faxe Dags EMT 2015"]
[Site "Faxe"]
[Date "2015.04.22"]
[Round "3"]
[White "Larsen, Poul Erik"]
[Black "Christoffersen, Ib"]
[Result "0-1"]
[WhiteElo "1251"]
[BlackElo "1363"]
[PlyCount "134"]
[EventDate "2015.??.??"]

1. Nf3 b6 2. e3 Bb7 3. Be2 e6 4. d4 Bd6 5. Nc3 Ne7 6. e4 Bb4 7. Bd3 h6 8. O-O
Bxc3 9. bxc3 O-O 10. c4 d6 11. Bb2 Ng6 12. g3 Nd7 13. Qd2 Qf6 14. Qe3 Rae8 15.
Rab1 e5 16. d5 c6 17. Ba3 c5 18. Bc1 Bc8 19. Kh1 Nb8 20. Rg1 Bg4 21. Be2 h5 22.
h4 Qe7 23. Nh2 Bxe2 24. Qxe2 f5 25. Qxh5 Qf6 26. exf5 Qxf5 27. Qxf5 Rxf5 28.
Be3 e4 29. Ng4 Nd7 30. Rg2 Nde5 31. Nxe5 Nxe5 32. g4 Rf7 33. Rb3 Nxc4 34. h5
Re5 35. Rc3 b5 36. Bc1 Rxd5 37. Kh2 Ne5 38. Re3 Nf3+ 39. Kg3 Re5 40. Rb3 Nd4
41. Bb2 Nxb3 42. Bxe5 dxe5 43. axb3 Rf3+ 44. Kh4 Rc3 45. f3 exf3 46. Rf2 e4 47.
g5 b4 48. Kg4 Re3 49. g6 Re2 50. Rf1 Rxc2 51. Rd1 Kf8 52. Kf4 Re2 53. Ke5 Ke7
54. h6 gxh6 55. g7 Rg2 56. Kxe4 Rxg7 57. Kxf3 Ke6 58. Re1+ Kd5 59. Rd1+ Kc6 60.
Rh1 Rg6 61. Rh5 a5 62. Ke4 a4 63. bxa4 b3 64. Rh2 Rd6 65. Rh5 b2 66. Rh1 c4 67.
Ke5 c3 0-1

[Event "Faxe Dags EMT 2015"]
[Site "Faxe"]
[Date "2015.04.29"]
[Round "4"]
[White "Arnkilde, Anders"]
[Black "Pedersen, Hans Dahl"]
[Result "1-0"]
[WhiteElo "1996"]
[BlackElo "2117"]
[PlyCount "99"]
[EventDate "2015.??.??"]

1. e4 c5 2. Nf3 e6 3. d4 cxd4 4. Nxd4 a6 5. c4 Nf6 6. Bd3 Qc7 7. a3 Bc5 8. Nb3
Be7 9. Be3 b6 10. O-O Bb7 11. N1d2 d6 12. Nd4 Nbd7 13. f3 O-O 14. b4 Rfe8 15.
Bf2 Bf8 16. Rc1 Rac8 17. Re1 Qb8 18. Qe2 Ne5 19. Bb1 Ned7 20. Bd3 g6 21. N4b3
Nh5 22. Qe3 Bg7 23. Rc2 Be5 24. g3 Bg7 25. Rec1 Qa8 26. a4 a5 27. bxa5 bxa5 28.
c5 d5 29. Bb5 Bc6 30. g4 Nhf6 31. Nd4 Nb8 32. Bg3 e5 33. Nxc6 Nxc6 34. g5 d4
35. Qb3 Nh5 36. Nc4 Rcd8 37. Nd6 Re7 38. Be1 Nf4 39. Bd2 Ne2+ 40. Bxe2 Rb8 41.
Bb5 d3 42. Qxd3 Nd4 43. Rc4 f6 44. c6 Rc7 45. Rxd4 exd4 46. Qc4+ Kf8 47. Qc5
fxg5 48. Bxg5 Kg8 49. Qd5+ Kf8 50. Bc4 1-0

[Event "Faxe Dags EMT 2015"]
[Site "Faxe"]
[Date "2015.04.29"]
[Round "4"]
[White "Nielsen, Jan Mose"]
[Black "Petersen, Bent"]
[Result "1/2-1/2"]
[WhiteElo "2065"]
[BlackElo "1784"]
[PlyCount "119"]
[EventDate "2015.??.??"]

1. e4 c5 2. d4 cxd4 3. c3 dxc3 4. Nxc3 e6 5. Nf3 a6 6. Bc4 Nc6 7. Qe2 Nge7 8.
O-O Ng6 9. Rd1 Be7 10. Be3 O-O 11. a3 Qc7 12. Ba2 b5 13. Rac1 Bb7 14. Qd2 Rfd8
15. g3 Qa5 16. Qe2 b4 17. Nb1 Qh5 18. Bb6 Nce5 19. Nd4 Qxe2 20. Nxe2 Rdc8 21.
axb4 Bxb4 22. Nbc3 d6 23. f4 Nc4 24. Bxc4 Rxc4 25. Na2 Rxe4 26. Nec3 Bxc3 27.
Nxc3 Rb4 28. Rxd6 Rxb2 29. Rcd1 h6 30. Bf2 Rc8 31. Na4 Ra2 32. Nc5 Bf3 33. Re1
a5 34. h4 Bd5 35. h5 Ne7 36. Rd7 Nc6 37. f5 Nb4 38. fxe6 fxe6 39. Nxe6 Bxe6 40.
Rxe6 Rc1+ 41. Kg2 Rcc2 42. Re8+ Kh7 43. Rf8 Rd2 44. Rxd2 Rxd2 45. Kf3 Rd5 46.
g4 Nc6 47. Ra8 Rb5 48. Bg3 Nd4+ 49. Ke4 Ne6 50. Be1 a4 51. Bf2 Rb4+ 52. Ke5 Ng5
53. Kf5 Rb5+ 54. Kf4 Nh3+ 55. Kg3 Nxf2 56. Kxf2 Rb4 57. Kg3 Rc4 58. Kf3 Rc3+
59. Kf4 a3 60. Kf5 1/2-1/2

[Event "Faxe Dags EMT 2015"]
[Site "Faxe"]
[Date "2015.04.29"]
[Round "4"]
[White "Andersen, Bjarne Hjorth"]
[Black "Nielsen, Kurt Sogaard"]
[Result "1-0"]
[WhiteElo "1971"]
[BlackElo "1619"]
[PlyCount "87"]
[EventDate "2015.??.??"]

1. e4 c5 2. Nc3 Nc6 3. g3 Nf6 4. Bg2 e6 5. d3 d6 6. Be3 Be7 7. f4 a6 8. h3 Qc7
9. Nf3 b5 10. Ne2 Rb8 11. O-O O-O 12. g4 Ne8 13. Ng3 f5 14. Qe2 fxg4 15. hxg4
Bf6 16. c3 Be7 17. Bh3 g6 18. Qg2 Ng7 19. Rf2 b4 20. Raf1 bxc3 21. bxc3 Qd8 22.
Qh2 d5 23. e5 d4 24. cxd4 cxd4 25. Bd2 a5 26. f5 exf5 27. gxf5 Nxf5 28. Nxf5
Bxf5 29. Ne1 Qd7 30. Bg2 Qe6 31. Qh1 Kh8 32. Bxc6 Rbc8 33. Be4 Qxe5 34. Bxf5
gxf5 35. Bf4 Rg8+ 36. Ng2 Qd5 37. Re1 Bf6 38. Qh2 Rg4 39. Be5 Bxe5 40. Qxe5+
Qxe5 41. Rxe5 Rc1+ 42. Kh2 Rc3 43. Rexf5 Rxd3 44. Rxa5 1-0